Top 100 Horror Movies - Statistics

General Stats
  • This quiz has been taken 147 times
  • The average score is 28 of 100
Answer Stats
Year Hint Answer % Correct
1931 Bela Lugosi Dracula
83%
1978 Donald Pleasence Halloween
81%
2018 Andi Matichak Halloween
81%
1960 Janet Leigh Psycho
79%
2017 Daniel Kaluuya Get Out
76%
1931 Boris Karloff Frankenstein
75%
2019 Lupita Nyong'o US
74%
1984 Heather Langenkamp A Nightmare On Elm Street
69%
1976 Sissy Spacek Carrie
67%
2018 Emily Blunt A Quiet Place
66%
1991 Anthony Hopkins The Silence of the Lambs
65%
1986 Sigourney Weaver Aliens
64%
2017 Jaeden Martell It
64%
1979 Klaus Kinski Nosferatu
63%
1922 Max Schreck Nosferatu, a Symphony of Horror
63%
2019 Florence Pugh Midsommar
57%
1958 Al Hedison The Fly
57%
1986 Jeff Goldblum The Fly
57%
1981 Ellen Sandweiss The Evil Dead
56%
1968 Mia Farrow Rosemary's Baby
55%
2020 Elisabeth Moss The Invisible Man
55%
1933 Claude Rains The Invisible Man
55%
1963 Tippi Hedren The Birds
49%
1990 Kathy Bates Misery
46%
1941 Lon Chaney Jr. The Wolf Man
46%
1974 Marilyn Burns The Texas Chainsaw Massacre
45%
2019 Robert Pattinson The Lighthouse
43%
1968 Judith O'Dea Night of the Living Dead
42%
1933 Fay Wray King Kong
41%
2004 Simon Pegg Shaun Of The Dead
40%
2018 Milly Shapiro Hereditary
39%
2014 Maika Monroe It Follows
39%
2015 Anya Taylor-Joy The Witch
39%
1935 Elsa Lanchester The Bride of Frankenstein
37%
1987 Bruce Campbell Evil Dead 2
36%
1978 David Emge Dawn Of The Dead
34%
1978 Donald Sutherland Invasion of the Body Snatchers
34%
1954 James Whitmore Them!
34%
1974 Gene Wilder Young Frankenstein
33%
1932 Zita Johann The Mummy
33%
2009 Jesse Eisenberg Zombieland
32%
2019 Samara Weaving Ready Or Not
31%
1919 Werner Krauss The Cabinet of Dr. Caligari
30%
1954 Akira Takarada Godzilla
27%
1925 Lon Chaney The Phantom Of The Opera
27%
2014 Essie Davis The Babadook
24%
2007 Song Kang-ho The Host
24%
1973 Julie Christie Don't Look Now
23%
1953 Vincent Price House Of Wax
22%
2016 Gong Yoo Train to Busan
21%
2008 Lina Leandersson Let the Right One In
20%
1962 Bette Davis What Ever Happened to Baby Jane?
20%
2020 Haley Bishop Host
19%
1932 Olga Baclanova Freaks
18%
1985 Jeffrey Combs Re-Animator
18%
2016 Jane Levy Don't Breathe
17%
1961 Deborah Kerr The Innocents
15%
1958 Christopher Lee Horror of Dracula
14%
1990 Jeff Daniels Arachnophobia
13%
2009 Justin Long Drag Me To Hell
13%
1931 Fredric March Dr. Jekyll and Mr. Hyde
13%
2011 Kristen Connolly The Cabin in the Woods
13%
1959 Édith Scob Eyes Without a Face
11%
1990 Anjelica Huston The Witches
11%
1977 Jack Nance Eraserhead
10%
1965 Yvonne Furneaux Repulsion
10%
1945 Mervyn Johns Dead of Night
9%
2019 Nicolas Cage Color Out Of Space
8%
1972 Jon Finch Frenzy
8%
2017 Joel Edgerton It Comes at Night
8%
1964 Keiko Kishi Kwaidan
8%
2010 Kodi Smit-McPhee Let Me In
8%
1988 Gene Bervoets The Vanishing
8%
1933 Charles Laughton Island of Lost Souls
7%
2006 Ivana Baquero Pan's Labyrinth
7%
2020 Andrea Riseborough Possessor (Uncut)
6%
2018 Logan Marshall-Green Upgrade
6%
2016 Samantha Robinson The Love Witch
4%
2014 Sheila Vand A Girl Walks Home Alone At Night
3%
2018 Madeline Brewer Cam
3%
2018 Marianne Jean-Baptiste In Fabric
3%
2019 María Mercedes Coroy La Llorona
3%
2020 Robyn Nevin Relic
3%
2020 Katherine Langford Spontaneous
3%
2017 Aaron Moorhead The Endless
3%
2009 Robin McLeavy The Loved Ones
3%
1951 Kenneth Tobey The Thing From Another World
3%
2019 Emily Tyra Harpoon
2%
2012 Jay Weidner Room 237
2%
1977 Jessica Harper Susperia
2%
2020 Marin Ireland The Dark and the Wicked
2%
2015 Barbara Crampton We Are Still Here
2%
2006 Lars Rudolph Werckmeister Harmonies
2%
2012 Charlie Tahan Frankenweenie
1%
2020 Patrick Fugit My Heart Can't Beat Unless You Tell It To
1%
1973 Lincoln Maazel The Amusement Park
1%
2020 Lonnie Chavis The Boy Behind the Door
1%
1973 Richard Jordan The Friends of Eddie Coyle
1%
2019 Clancy Brown The Mortuary Collection
1%
2020 Brigitte Kali Canales The Old Ways
1%
No matching quizzes found
Score Distribution
Percent of People with Each Score
Percentile by Number Answered
Your Score History
You have not taken this quiz